000 00505nam a2200181Ia 4500
001 3188
005 20260306144902.0
008 260306t2024||||xx |||||||||||||| ||spa||
041 _aESP
082 _a261.8
_bS747
100 _aSirico, Robert,
_eAUT
245 0 _aLa economía de las parábolas :
_bsabiduría económica atemporal inspirada en las parábolas del Nuevo Testamento
260 _c2024
300 _a215 páginas :
_c23 cm.
650 _aGEN
654 _aCHU
942 _cLIB
_dJUS
_fJUS
_2ddc
_n
999 _c3188
_d3188